| 000 | 00714nac a22001811u 4500 | ||
|---|---|---|---|
| 008 | 100906t xxu||||| |||| 00| 0 eng d | ||
| 020 | _a8176354848 | ||
| 082 | 0 | 0 |
_a005.71376 _bS6256 |
| 100 |
_aSiyan, Karanjit, _918420 |
||
| 245 | 1 | 0 |
_aWindows 2000 TCP/IP / _cKaranjit S. Siyan. |
| 250 | _a2nd ed. | ||
| 260 |
_aNew Delhi : _bNew Riders, _c2000. |
||
| 300 |
_axviii, 922 p. : _bill. ; _c23 cm. |
||
| 650 | 0 |
_aTCP/IP (Computer network protocol) _918421 |
|
| 650 | 0 |
_aOperating systems (Computers) _918422 |
|
| 942 |
_cBB _k005.71376S6256 _2ddc |
||
| 999 |
_c551 _d551 |
||